| 000 | 00936nas a2200301 4500 | ||
|---|---|---|---|
| 001 | BR2011002940 | ||
| 003 | BR-BrBNA | ||
| 005 | 20231205115001.0 | ||
| 007 | ta | ||
| 008 | 230509b bl.|||p| |||| 00| 00por d | ||
| 040 |
_aBR-BrBNA _bpor _cBiblioteca Nacional de Agricultura |
||
| 041 | _a(Pt) | ||
| 072 | _aF06; N20 | ||
| 100 | 1 | _aVieira, G.H.S. | |
| 100 | 1 | _aMantovani, E.C. | |
| 100 | 1 | _aSoares, A.A. | |
| 100 | 1 | _aMontes, D.R.P. | |
| 100 | 1 | _aCunha, F.F. da | |
| 245 | 1 | _aCusto da irrigação do cafeeiro em diferentes tipos de equipamento e tamanhos de área | |
| 650 | _aCAFÉ | ||
| 650 | _aIRRIGAÇÃO POR ASPERSÃO | ||
| 650 | _aIRRIGAÇÃO LOCALIZADA | ||
| 650 | _aANÁLISE ECONÔMICA | ||
| 650 | _aEQUIPAMENTO AGRÍCOLA | ||
| 773 | 0 |
_tEngenharia na Agricultura (Brazil) _xISSN 1414-3984 _g(Jan-Feb 2011), v. 19(1) p. 53-61 _wBR2011002940 |
|
| 909 |
_a202311 _bLúcia _c55 _dLúcia Elande |
||
| 942 |
_2AGRIS _n0 _cANA |
||
| 999 |
_c211542 _d211542 |
||